[Event "EU-chT Seniors 50"]
[Site "Dresden"]
[Date "2022.10.30"]
[Round "4.1"]
[White "Proschmann, Tino"]
[Black "Kanibalotzka, Yeyzaveta Elisabet"]
[Result "1-0"]
[WhiteElo "2053"]
[BlackElo "1806"]
[PlyCount "61"]
[EventDate "2022.10.27"]
[EventType "team-swiss"]
[EventRounds "9"]
[EventCountry "GER"]
[SourceTitle "EXT 2024"]
[Source "ChessBase"]
[SourceDate "2023.10.10"]
[SourceVersion "1"]
[SourceVersionDate "2023.10.10"]
[SourceQuality "1"]
[WhiteTeam "Grossroehrsdorf 50"]
[BlackTeam "Heidenau Schachkoeniginnen 50"]
[WhiteTeamCountry "GER"]
[BlackTeamCountry "GER"]

1. e4 d6 2. d4 Nf6 3. Nc3 g6 4. Nf3 Bg7 5. Be2 Bg4 6. Be3 c6 7. Qd2 Bxf3 8. Bxf3 0-0 9. Bh6 Nbd7 10. h4 e5 11. Bxg7 Kxg7 12. h5 Rh8 13. h6+ Kf8 14. 0-0-0 Qe7 15. g4 exd4 16. Qxd4 Ne5 17. Be2 c5 18. Qe3 Nexg4 19. Qg3 Ne5 20. f4 Nc6 21. Bf3 Nd4 22. e5 dxe5 23. fxe5 Nd7 24. Rde1 Nxf3 25. Qxf3 Nxe5 26. Qf4 Re8 27. Nd5 Qd6 28. Nf6 Nd3+ 29. Kb1 Rxe1+ 30. Rxe1 Ne5 31. Qxe5 1-0

[Event "Bayern-chI Bank Hofmann 23rd"]
[Site "Tegernsee"]
[Date "2019.10.30"]
[Round "5"]
[White "Lavrinenkov, Vadim"]
[Black "Proschmann, Tino"]
[Result "1-0"]
[WhiteElo "2306"]
[BlackElo "2106"]
[PlyCount "109"]
[EventDate "2019.10.26"]
[EventType "swiss"]
[EventRounds "9"]
[EventCountry "GER"]
[SourceTitle "CBM 192 Extra"]
[Source "Chessbase"]
[SourceDate "2019.11.06"]
[SourceVersion "1"]
[SourceVersionDate "2019.11.06"]
[SourceQuality "1"]

1. d4 d5 2. c4 c6 3. Nf3 Nf6 4. cxd5 cxd5 5. Nc3 Nc6 6. Bf4 Nh5 7. Be5 f6 8. Bg3 e5 9. e3 Nxg3 10. hxg3 Be6 11. Bb5 Bd6 12. dxe5 fxe5 13. Nxe5 Bxe5 14. Bxc6+ bxc6 15. Qh5+ Kd7 16. Qxe5 Qe7 17. 0-0-0 Bg4 18. Qxe7+ Kxe7 19. Rd4 Bf5 20. Re1 Rhe8 21. e4 dxe4 22. Nxe4 Kf8 23. Re3 Kg8 24. f3 Rad8 25. Ra4 Bxe4 26. Rexe4 Rxe4 27. Rxe4 Kf7 28. Kc2 Rd5 29. Kc3 h5 30. g4 h4 31. Rd4 Re5 32. Kd2 Kg6 33. f4 Rb5 34. b3 a5 35. Kc3 Kh7 36. Rc4 Rd5 37. Rxc6 Rd1 38. Rc5 g6 39. f5 Rg1 40. fxg6+ Kxg6 41. Rh5 Rxg2 42. Rxh4 Rxa2 43. Rh5 a4 44. b4 Ra3+ 45. Kc2 Ra2+ 46. Kc3 Ra3+ 47. Kc4 Rg3 48. Ra5 Rxg4+ 49. Kb5 Kf6 50. Rxa4 Ke7 51. Ra1 Kd7 52. Rc1 Rg8 53. Rc4 Kd6 54. Ka6 Kd5 55. Rc1 1-0

[Event "GER-ch Seniors 50 31st"]
[Site "Radebeul"]
[Date "2019.05.04"]
[Round "9"]
[White "Spiess, Thomas"]
[Black "Proschmann, Tino"]
[Result "1/2-1/2"]
[WhiteElo "1965"]
[BlackElo "2116"]
[PlyCount "77"]
[EventDate "2019.04.26"]
[EventType "swiss"]
[EventRounds "9"]
[EventCountry "GER"]
[SourceTitle "CBM 190 Extra"]
[Source "ChessBase"]
[SourceDate "2019.07.15"]
[SourceVersion "1"]
[SourceVersionDate "2019.07.15"]
[SourceQuality "1"]

1. Nf3 c5 2. c4 g6 3. d4 Bg7 4. e4 Qa5+ 5. Bd2 Qb6 6. Bc3 cxd4 7. Nxd4 Nc6 8. Nb5 Bxc3+ 9. N1xc3 Nf6 10. Nd5 Nxd5 11. cxd5 a6 12. dxc6 axb5 13. cxd7+ Bxd7 14. Qb3 0-0 15. Bd3 Qa5+ 16. Ke2 Rfc8 17. a3 Qb6 18. Rac1 Rd8 19. Rhd1 Qd6 20. g3 Qe5 21. Kf1 Qh5 22. Kg1 Bg4 23. Re1 Bd7 24. Bf1 Bc6 25. Bg2 Rd2 26. Qb4 Qg5 27. f4 Rxg2+ 28. Kxg2 Qh5 29. Qxe7 Re8 30. Qb4 Rxe4 31. Rxe4 Qe2+ 32. Kg1 Bxe4 33. Rc8+ Kg7 34. Qd4+ Kh6 35. Qf2 Qd1+ 36. Qf1 Qd4+ 37. Qf2 Qd1+ 38. Qf1 Qd4+ 39. Qf2 1/2-1/2

[Event "GER-ch Seniors 50 31st"]
[Site "Radebeul"]
[Date "2019.05.02"]
[Round "7"]
[White "Schmidt, Gerhard1"]
[Black "Proschmann, Tino"]
[Result "1-0"]
[WhiteElo "2077"]
[BlackElo "2116"]
[PlyCount "125"]
[EventDate "2019.04.26"]
[EventType "swiss"]
[EventRounds "9"]
[EventCountry "GER"]
[SourceTitle "CBM 190 Extra"]
[Source "ChessBase"]
[SourceDate "2019.07.15"]
[SourceVersion "1"]
[SourceVersionDate "2019.07.15"]
[SourceQuality "1"]

1. Nf3 c5 2. c4 g6 3. d4 Bg7 4. e4 Qa5+ 5. Nc3 d6 6. d5 Bxc3+ 7. bxc3 Bg4 8. h3 Bxf3 9. Qxf3 Nd7 10. Be2 Ne5 11. Qe3 Qa4 12. 0-0 Nxc4 13. Qg3 Nf6 14. Bh6 0-0-0 15. f3 Rhg8 16. Bg5 Nh5 17. Qg4+ Rd7 18. e5 b5 19. e6 fxe6 20. Qxe6 Rf8 21. f4 Ng7 22. Qe4 Nf5 23. Bg4 Nce3 24. Bxf5 Nxf5 25. Qxa4 bxa4 26. c4 h6 27. g4 Ne3 28. Bxh6 Rh8 29. Rf3 Nc2 30. Bg7 Rg8 31. Rc1 Nb4 32. Bh6 Nxa2 33. Ra1 Nb4 34. Re3 Rh8 35. Bg5 Re8 36. Rxa4 e5 37. fxe5 Rxe5 38. Rxe5 dxe5 39. Be3 Rc7 40. Ra5 Nd3 41. Ra6 Kb7 42. Rxg6 a5 43. Bd2 a4 44. h4 a3 45. Bc3 Nf4 46. d6 Rd7 47. h5 Nxg6 48. hxg6 Rg7 49. d7 Rxd7 50. Bxe5 Rd8 51. g7 a2 52. Kf2 Ka6 53. Kf3 Re8 54. Bc3 Kb6 55. Kf4 Kc6 56. Kf5 Kd7 57. Kf6 Re6+ 58. Kf7 Re7+ 59. Kg6 Re6+ 60. Kh7 Re7 61. Kh8 Re3 62. g8Q Rh3+ 63. Qh7+ 1-0

[Event "GER-ch Seniors 50 31st"]
[Site "Radebeul"]
[Date "2019.04.29"]
[Round "4"]
[White "Proschmann, Tino"]
[Black "Kaiser, Sebastian"]
[Result "1-0"]
[WhiteElo "2116"]
[BlackElo "1920"]
[PlyCount "45"]
[EventDate "2019.04.26"]
[EventType "swiss"]
[EventRounds "9"]
[EventCountry "GER"]
[SourceTitle "CBM 190 Extra"]
[Source "ChessBase"]
[SourceDate "2019.07.15"]
[SourceVersion "1"]
[SourceVersionDate "2019.07.15"]
[SourceQuality "1"]

1. e4 e6 2. d4 d5 3. Nd2 c5 4. Ngf3 cxd4 5. exd5 Qxd5 6. Bc4 Qd6 7. 0-0 Nf6 8. Nb3 Nc6 9. Nbxd4 Nxd4 10. Nxd4 a6 11. c3 Qc7 12. Bb3 Bd6 13. h3 Bf4 14. Ba4+ Ke7 15. Re1 Bxc1 16. Qxc1 g6 17. Qh6 Qa5 18. Bb3 Qh5 19. Qg7 Rg8 20. Nxe6 Rxg7 21. Nxg7+ Kf8 22. Nxh5 gxh5 23. Rad1 1-0

[Event "Bayern-chI Bank Hofmann 22nd"]
[Site "Tegernsee"]
[Date "2018.10.29"]
[Round "3"]
[White "Imnadze, Nato"]
[Black "Proschmann, Tino"]
[Result "1-0"]
[WhiteElo "2291"]
[BlackElo "2091"]
[PlyCount "118"]
[EventDate "2018.10.27"]
[EventType "swiss"]
[EventRounds "9"]
[EventCountry "GER"]
[SourceTitle "CBM 187 Extra"]
[Source "ChessBase"]
[SourceDate "2018.11.04"]
[SourceVersion "1"]
[SourceVersionDate "2018.11.04"]
[SourceQuality "1"]

1. e4 c5 2. Nf3 Nc6 3. d4 cxd4 4. Nxd4 e6 5. Nc3 Qc7 6. g3 a6 7. Bg2 Nf6 8. 0-0 h5 9. Nf3 Bc5 10. Bf4 e5 11. Bg5 d6 12. Bxf6 gxf6 13. Nd5 Qd8 14. c3 Be6 15. Nh4 Bxd5 16. Qxd5 Qd7 17. b4 Bb6 18. Nf5 Bc7 19. Bh3 Kf8 20. Rad1 Rd8 21. Kg2 Bb8 22. f4 Ne7 23. Nxe7 Qxe7 24. fxe5 Qxe5 25. Qd3 Re8 26. Rde1 h4 27. Rf5 Qe6 28. Rh5 Rxh5 29. Bxe6 fxe6 30. Qf3 Rh6 31. e5 d5 32. c4 dxc4 33. Qe3 Rg6 34. Rf1 f5 35. Qc5+ Kg7 36. Rf4 hxg3 37. hxg3 Kf7 38. Rd4 Re7 39. Rd8 Bc7 40. Rh8 Rg7 41. Rh6 b6 42. Rf6+ Kg8 43. Qd4 Rg4 44. Qe3 Reg7 45. Rxe6 f4 46. Qe4 Rxg3+ 47. Kf2 Rg2+ 48. Qxg2 Rxg2+ 49. Kxg2 c3 50. Kf3 Kf7 51. Rf6+ Ke7 52. Ke4 Kd7 53. Rxf4 c2 54. Rf7+ Kc6 55. Rf1 Kb5 56. Rc1 Kxb4 57. Rxc2 Bd8 58. e6 a5 59. Rb2+ Ka3 1-0

[Event "Bayern-chI Bank Hofmann 22nd"]
[Site "Tegernsee"]
[Date "2018.10.27"]
[Round "1"]
[White "Zajogin, Alexander"]
[Black "Proschmann, Tino"]
[Result "1-0"]
[WhiteElo "2408"]
[BlackElo "2091"]
[PlyCount "81"]
[EventDate "2018.10.27"]
[EventType "swiss"]
[EventRounds "9"]
[EventCountry "GER"]
[SourceTitle "CBM 187 Extra"]
[Source "ChessBase"]
[SourceDate "2018.11.04"]
[SourceVersion "1"]
[SourceVersionDate "2018.11.04"]
[SourceQuality "1"]

1. d4 d5 2. c4 c6 3. Nc3 dxc4 4. e3 b5 5. a4 b4 6. Nb1 Ba6 7. Nf3 Qa5 8. Be2 c3 9. bxc3 Bxe2 10. Qxe2 Qa6 11. cxb4 Qxe2+ 12. Kxe2 Na6 13. b5 cxb5 14. axb5 Nc7 15. Nc3 e6 16. Ba3 Bxa3 17. Rxa3 Ne7 18. Rha1 Nc8 19. Ne5 Rb8 20. Rxa7 Nxa7 21. Rxa7 Nxb5 22. Nxb5 0-0 23. Nd6 f6 24. Nd7 Rb2+ 25. Kf3 Rd8 26. Ne4 Rc8 27. Ndxf6+ gxf6 28. Nxf6+ Kf8 29. Nxh7+ Kg8 30. Nf6+ Kf8 31. g4 Rcc2 32. Ne4 Rb5 33. g5 Rf5+ 34. Kg4 Rc1 35. Kh5 Rf7 36. Ra8+ Kg7 37. Nf6 Rb7 38. Rg8+ Kf7 39. Kh6 Rb2 40. Rg7+ Kf8 41. Kg6 1-0

[Event "GER-ch 89th"]
[Site "Dresden"]
[Date "2018.08.05"]
[Round "3"]
[White "Fischer, Sebastian"]
[Black "Proschmann, Tino"]
[Result "1-0"]
[WhiteElo "2292"]
[BlackElo "2092"]
[PlyCount "81"]
[EventDate "2018.08.03"]
[EventType "swiss"]
[EventRounds "9"]
[EventCountry "GER"]
[SourceTitle "CBM 185 Extra"]
[Source "ChessBase"]
[SourceDate "2018.07.29"]
[SourceVersion "1"]
[SourceVersionDate "2018.07.29"]
[SourceQuality "1"]

1. d4 d5 2. Bf4 c5 3. e3 Nc6 4. c3 Qb6 5. Qb3 c4 6. Qc2 e5 7. dxe5 Bf5 8. Qc1 g5 9. Bg3 h5 10. h3 Bg7 11. Nf3 g4 12. hxg4 hxg4 13. Rxh8 Bxh8 14. Nd4 Nge7 15. Na3 0-0-0 16. Bh4 Re8 17. Bxe7 Nxe7 18. Bxc4 dxc4 19. Nxc4 Qg6 20. Nd6+ Kb8 21. Nxe8 Bxe5 22. Qd2 Bd7 23. Nb3 Qc6 24. Nc5 Qa4 25. Nd6 Be6 26. Ncxb7 Qc6 27. e4 f5 28. Nd8 Qd7 29. Nxe6 Qxe6 30. 0-0-0 Qxa2 31. Nxf5 Nc6 32. Qd5 Qa1+ 33. Kc2 Nb4+ 34. cxb4 Qxb2+ 35. Kd3 Bf4 36. Qb5+ Ka8 37. Qe8+ Kb7 38. Qf7+ Ka6 39. Qg6+ Kb5 40. Nd4+ Kxb4 41. Nc2+ 1-0

[Event "Prague op 17th"]
[Site "Prague"]
[Date "2018.01.12"]
[Round "1"]
[White "Proschmann, Tino"]
[Black "Jurcik, Marian"]
[Result "0-1"]
[WhiteElo "2061"]
[BlackElo "2460"]
[PlyCount "96"]
[EventDate "2018.01.12"]
[EventType "swiss"]
[EventRounds "9"]
[EventCountry "CZE"]
[SourceTitle "CBM 182 Extra"]
[Source "ChessBase"]
[SourceDate "2018.02.23"]
[SourceVersion "1"]
[SourceVersionDate "2018.02.23"]
[SourceQuality "1"]

1. e4 e5 2. Nf3 Nc6 3. Bb5 a6 4. Bxc6 dxc6 5. 0-0 Bg4 6. h3 h5 7. d3 Qf6 8. Nbd2 g5 9. Nc4 Bxf3 10. Qxf3 Qxf3 11. gxf3 f6 12. Ne3 Nh6 13. Kg2 Bc5 14. Nf5 Nxf5 15. exf5 Rd8 16. Be3 Bd4 17. Rad1 Kf7 18. a4 Rd5 19. b4 b6 20. Rb1 Ra8 21. Rfd1 a5 22. c4 Rd7 23. b5 c5 24. Rb3 Rg8 25. Rbb1 Ke8 26. Kg3 Bc3 27. Rb3 Bb4 28. Kg2 Rh7 29. Kg3 Rhg7 30. Rbb1 g4 31. fxg4 hxg4 32. h4 Rh8 33. Rh1 Rh5 34. Rbd1 Ke7 35. Rdf1 Kd6 36. Rd1 Bc3 37. Rdf1 Bd4 38. Bd2 Rxf5 39. h5 Rf3+ 40. Kg2 Rxd3 41. Bh6 Rg8 42. Bc1 g3 43. f4 Rc3 44. fxe5+ Bxe5 45. h6 Rc2+ 46. Kf3 g2 47. Rd1+ Ke6 48. Rhg1 Rg3+ 0-1

[Event "Bayern-chI Bank Hofmann 21st"]
[Site "Tegernsee"]
[Date "2017.10.31"]
[Round "4"]
[White "Proschmann, Tino"]
[Black "Xu, Yi"]
[Result "0-1"]
[WhiteElo "2039"]
[BlackElo "2439"]
[PlyCount "118"]
[EventDate "2017.10.28"]
[EventType "swiss"]
[EventRounds "9"]
[EventCountry "GER"]
[SourceTitle "CBM 181 Extra"]
[Source "ChessBase"]
[SourceDate "2017.12.12"]
[SourceVersion "1"]
[SourceVersionDate "2017.12.12"]
[SourceQuality "1"]

1. e4 e5 2. Nf3 Nc6 3. Bb5 a6 4. Bxc6 dxc6 5. 0-0 Qf6 6. d4 exd4 7. Bg5 Qd6 8. Nxd4 Bd7 9. Nc3 Ne7 10. Be3 c5 11. Nde2 Qxd1 12. Rfxd1 b6 13. f3 g6 14. Bf4 0-0-0 15. Be5 Rg8 16. Bf6 Re8 17. Kf2 Bg7 18. Bxg7 Rxg7 19. Rd2 f5 20. Rad1 Bc6 21. Nf4 fxe4 22. fxe4 Rf7 23. Kg3 Bxe4 24. Nxe4 Nf5+ 25. Kf3 Nh4+ 26. Kg4 Rxe4 27. g3 Nf5 28. Rd8+ Kb7 29. R1d7 Ree7 30. Rxe7 Rxe7 31. h4 c4 32. h5 Ne3+ 33. Kg5 Re5+ 34. Kh6 gxh5 35. Kxh7 Nxc2 36. Kg6 Rb5 37. Rd2 Ne1 38. Rf2 Nd3 39. Rh2 Nxb2 40. Rxh5 Rxh5 41. Kxh5 Nd3 42. Ne2 Kc6 43. Kg5 Kd5 44. Kf5 Nf2 45. Kf4 b5 46. Ke3 Ng4+ 47. Kf4 Nh2 48. Ke3 Ke5 49. Kd2 b4 50. Kc2 Nf1 51. Kb2 Ne3 52. Nf4 c5 53. Ne2 a5 54. Nf4 c3+ 55. Kc1 c4 56. Ne2 Ke4 57. Nf4 b3 58. Ne2 b2+ 59. Kb1 Kd3 0-1

[Event "Bayern-chI Bank Hofmann 19th"]
[Site "Bad Wiessee"]
[Date "2015.11.01"]
[Round "2"]
[White "Zhigalko, Andrey"]
[Black "Proschmann, Tino"]
[Result "1-0"]
[WhiteElo "2584"]
[BlackElo "2101"]
[PlyCount "62"]
[EventDate "2015.10.31"]
[EventType "swiss"]
[EventRounds "9"]
[EventCountry "GER"]
[SourceTitle "CBM 169 Extra"]
[Source "ChessBase"]
[SourceDate "2015.12.18"]
[SourceVersion "1"]
[SourceVersionDate "2015.12.18"]
[SourceQuality "1"]

1. e4 c5 2. Nf3 Nc6 3. Bb5 g6 4. 0-0 Bg7 5. Nc3 Nd4 6. Ba4 a6 7. Nxd4 cxd4 8. Ne2 e6 9. c3 Nf6 10. d3 dxc3 11. Nxc3 0-0 12. e5 Ne8 13. d4 b5 14. Qf3 Rb8 15. Bb3 Bb7 16. Qg3 f6 17. Re1 Nc7 18. Bf4 Rc8 19. Rad1 b4 20. Ne4 Bxe4 21. Rxe4 Nd5 22. Bxd5 exd5 23. Re2 Qa5 24. h4 Qxa2 25. h5 fxe5 26. Bxe5 Rc6 27. Bd6 Qc4 28. Rde1 Rxf2 29. Rxf2 Bxd4 30. Re8+ Kg7 31. Bf8+ Kg8 1-0

[Event "Bayern-chI Bank Hofmann 17th"]
[Site "Bad Wiessee"]
[Date "2013.10.26"]
[Round "2"]
[White "Zude, Arno"]
[Black "Proschmann, Tino"]
[Result "1-0"]
[WhiteElo "2416"]
[BlackElo "2087"]
[PlyCount "81"]
[EventDate "2013.10.26"]
[EventType "swiss"]
[EventRounds "9"]
[EventCountry "GER"]
[SourceTitle "EXT 2014"]
[Source "ChessBase"]
[SourceDate "2013.11.20"]
[SourceVersion "1"]
[SourceVersionDate "2013.11.20"]
[SourceQuality "1"]

1. e4 c5 2. Nf3 Nc6 3. d4 cxd4 4. Nxd4 e6 5. Nc3 Qc7 6. Be3 a6 7. Qd2 Nf6 8. 0-0-0 Bb4 9. f3 b5 10. Nb3 Ne5 11. Bd4 Ng6 12. Qe3 0-0 13. e5 Bxc3 14. Qxc3 Qxc3 15. Bxc3 Nd5 16. Bd4 Bb7 17. Na5 Bc6 18. c4 Nde7 19. Bc3 Rfc8 20. Nxc6 Nxc6 21. cxb5 axb5 22. Bxb5 Rxa2 23. Kb1 Ra7 24. Rhe1 Nf4 25. Re4 Nd5 26. Bd2 Rb8 27. Bxc6 dxc6 28. Rc1 Rab7 29. Rc2 c5 30. Rec4 h6 31. Rxc5 Kh7 32. R5c4 g5 33. h4 Kg6 34. hxg5 hxg5 35. Rg4 f6 36. exf6 Kxf6 37. Bxg5+ Kf5 38. Bd2 Rh7 39. Re4 Rh2 40. Re2 Rh4 41. Re1 1-0

[Event "Dresden ZMD op 22nd"]
[Site "Dresden"]
[Date "2013.08.15"]
[Round "6"]
[White "Efroimski, Marsel"]
[Black "Proschmann, Tino"]
[Result "0-1"]
[WhiteElo "2306"]
[BlackElo "2091"]
[PlyCount "96"]
[EventDate "2013.08.10"]
[EventType "swiss"]
[EventRounds "9"]
[EventCountry "GER"]
[SourceTitle "CBM 155 Extra"]
[Source "ChessBase"]
[SourceDate "2013.08.26"]
[SourceVersion "1"]
[SourceVersionDate "2013.08.26"]
[SourceQuality "1"]

1. e4 c5 2. Nf3 Nc6 3. d4 cxd4 4. Nxd4 e6 5. Nc3 Qc7 6. Be2 a6 7. 0-0 Nf6 8. Be3 Be7 9. a4 0-0 10. f4 d6 11. Kh1 Re8 12. Qe1 Bd7 13. Qg3 Bf8 14. Nf3 Nb4 15. Bd4 Kh8 16. Qh4 e5 17. fxe5 dxe5 18. Nxe5 Rxe5 19. Rxf6 gxf6 20. Qxf6+ Bg7 21. Qxf7 Qd8 22. Rd1 Qe7 23. Qf4 Rf8 24. Bxe5 Rxf4 25. Bxf4 Nxc2 26. Bd3 Nb4 27. Bb1 Bc6 28. Bd6 Qh4 29. g3 Qg4 30. Bxb4 Qf3+ 31. Kg1 Bd4+ 32. Rxd4 Qe3+ 33. Kg2 Qxd4 34. Be7 Kg7 35. Bg5 b5 36. axb5 axb5 37. Kf3 b4 38. Ne2 Qxb2 39. Bd3 Qa3 40. Nf4 Bb5 41. Ke2 Qb2+ 42. Ke3 Bxd3 43. Nxd3 Qxh2 44. Bf4 Qg1+ 45. Kd2 Qg2+ 46. Ke3 b3 47. Be5+ Kf7 48. Kf4 Qd2+ 0-1

[Event "Dresden ZMD op 22nd"]
[Site "Dresden"]
[Date "2013.08.12"]
[Round "3"]
[White "Proschmann, Tino"]
[Black "Zahn, Alina"]
[Result "1/2-1/2"]
[WhiteElo "2091"]
[BlackElo "1985"]
[PlyCount "68"]
[EventDate "2013.08.10"]
[EventType "swiss"]
[EventRounds "9"]
[EventCountry "GER"]
[SourceTitle "CBM 155 Extra"]
[Source "ChessBase"]
[SourceDate "2013.08.26"]
[SourceVersion "1"]
[SourceVersionDate "2013.08.26"]
[SourceQuality "1"]

1. e4 e5 2. Nf3 Nc6 3. Bb5 a6 4. Bxc6 dxc6 5. 0-0 Bg4 6. h3 Bh5 7. g4 Bg6 8. Nxe5 Qh4 9. Qf3 f6 10. Nxg6 hxg6 11. Kg2 g5 12. d4 Ne7 13. Rh1 Qh7 14. Kf1 0-0-0 15. Be3 Kb8 16. Nd2 Qg8 17. Qe2 Qe6 18. Qc4 Qd7 19. Nf3 Ng6 20. Rd1 Bd6 21. d5 cxd5 22. Rxd5 Qe7 23. Qd4 b6 24. Qa4 Kb7 25. Nd4 Ne5 26. Nf5 Qf8 27. Kg2 g6 28. Nxd6+ Rxd6 29. Rxd6 Qxd6 30. Qd4 Qe7 31. Qd5+ Kb8 32. Qb3 Qd7 33. Qd5 Qe7 34. Qb3 Qd7 1/2-1/2

[Event "Bayern-chI Bank Hofmann 15th"]
[Site "Bad Wiessee"]
[Date "2011.11.06"]
[Round "9"]
[White "Delitzsch, Juergen"]
[Black "Proschmann, Tino"]
[Result "0-1"]
[WhiteElo "2278"]
[BlackElo "2111"]
[PlyCount "98"]
[EventDate "2011.10.29"]
[EventType "swiss"]
[EventRounds "9"]
[EventCountry "GER"]
[SourceTitle "EXT 2012"]
[Source "ChessBase"]
[SourceDate "2011.11.24"]
[SourceVersion "1"]
[SourceVersionDate "2011.11.24"]
[SourceQuality "1"]

1. d4 d5 2. c4 c6 3. Nf3 Nf6 4. Nc3 dxc4 5. a4 Bf5 6. Ne5 Nbd7 7. Nxc4 Nb6 8. Ne5 a5 9. g3 e6 10. Bg2 Bb4 11. 0-0 0-0 12. e4 Bxc3 13. exf5 Bxd4 14. Nf3 e5 15. Qb3 Nfd5 16. Nxd4 exd4 17. Bxd5 Nxd5 18. Qxb7 Qb6 19. Qxb6 Nxb6 20. Bf4 Rfe8 21. Rfc1 Rec8 22. Bd6 Nd7 23. Rc4 c5 24. Rac1 f6 25. Bxc5 Ne5 26. R4c2 Nd3 27. Rd1 Rxc5 28. Rxc5 Nxc5 29. Rxd4 Rb8 30. Rd5 Nb3 31. Kf1 Rb4 32. Rb5 Kf7 33. Rxb4 axb4 34. Ke2 Ke7 35. Kd3 Nc5+ 36. Kc4 Nxa4 37. b3 Nb2+ 38. Kxb4 Kd6 39. Kb5 Ke5 40. g4 h6 41. Kc6 Nd3 42. h3 Kf4 43. Kd6 h5 44. f3 h4 45. Ke7 Kg3 46. Kf8 Kxh3 47. Kxg7 Kg3 48. g5 fxg5 49. f6 Ne5 0-1

[Event "Bayern-chI Bank Hofmann 14th"]
[Site "Bad Wiessee"]
[Date "2010.10.31"]
[Round "2"]
[White "Proschmann, Tino"]
[Black "Ringoir, Tanguy"]
[Result "0-1"]
[WhiteElo "2097"]
[BlackElo "2379"]
[PlyCount "50"]
[EventDate "2010.10.30"]
[EventType "swiss"]
[EventRounds "9"]
[EventCountry "GER"]
[SourceTitle "EXT 2011"]
[Source "ChessBase"]
[SourceDate "2010.11.26"]
[SourceVersion "1"]
[SourceVersionDate "2010.11.26"]
[SourceQuality "1"]

1. e4 c6 2. d4 d5 3. exd5 cxd5 4. Bd3 Nc6 5. c3 Qc7 6. Ne2 Bg4 7. f3 Bd7 8. Bf4 e5 9. dxe5 Nxe5 10. Bc2 Bd6 11. Qd4 Ne7 12. Na3 f6 13. Rd1 a6 14. Bb3 0-0-0 15. Nc2 Bb5 16. Bxe5 fxe5 17. Qg4+ Bd7 18. Qxg7 Rhg8 19. Qxh7 Bc5 20. Ng3 e4 21. Nd4 Rh8 22. Qf7 Rxh2 23. Kf2 e3+ 24. Kxe3 Qxg3 25. Qf4 Nf5+ 0-1

[Event "Bayern-chI Bank Hofmann 13th"]
[Site "Bad Wiessee"]
[Date "2009.11.05"]
[Round "7"]
[White "Proschmann, Tino"]
[Black "Graf, Felix"]
[Result "0-1"]
[WhiteElo "2106"]
[BlackElo "2296"]
[PlyCount "106"]
[EventDate "2009.10.31"]
[EventType "swiss"]
[EventRounds "9"]
[EventCountry "GER"]
[SourceTitle "EXT 2010"]
[Source "ChessBase"]
[SourceDate "2010.11.25"]
[SourceVersion "1"]
[SourceVersionDate "2010.11.25"]
[SourceQuality "1"]

1. e4 e6 2. d4 d5 3. Nd2 Nf6 4. e5 Nfd7 5. Bd3 c5 6. c3 b5 7. Bxb5 Qb6 8. Bxd7+ Nxd7 9. Ne2 cxd4 10. cxd4 Ba6 11. 0-0 Bxe2 12. Qxe2 Qxd4 13. Nf3 Qb6 14. a3 Be7 15. b4 0-0 16. Be3 Qb8 17. Bd4 a6 18. Rfc1 Rc8 19. Nd2 Rxc1+ 20. Rxc1 a5 21. Bc5 Nxc5 22. bxc5 Qb2 23. Rb1 Qc2 24. Qd1 Qxd1+ 25. Rxd1 Bxc5 26. a4 Rb8 27. Rc1 Bf8 28. Kf1 Rb4 29. Rc8 Rxa4 30. Nb3 Ra3 31. Nd4 a4 32. Nb5 Ra1+ 33. Ke2 a3 34. Ra8 h6 35. g4 Rb1 36. Nd6 Rb2+ 37. Kf3 a2 38. Ke3 Kh7 39. h4 Bxd6 40. exd6 Rb6 41. Rxa2 Rxd6 42. Ra7 f6 43. h5 d4+ 44. Kd3 e5 45. f3 Rc6 46. Rd7 Rc3+ 47. Ke2 Rc2+ 48. Kd3 Rf2 49. Ke4 Re2+ 50. Kf5 Re3 51. Ke6 Rxf3 52. g5 hxg5 53. Kf7 Kh6 0-1

[Event "Dresden ZMD op"]
[Site "Dresden"]
[Date "2009.07.30"]
[Round "6"]
[White "Eilers, Jochen"]
[Black "Proschmann, Tino"]
[Result "1/2-1/2"]
[WhiteElo "1958"]
[BlackElo "2110"]
[PlyCount "46"]
[EventDate "2009.07.25"]
[EventType "swiss"]
[EventRounds "9"]
[EventCountry "GER"]
[SourceTitle "CBM 131 Extra"]
[Source "ChessBase"]
[SourceDate "2009.09.03"]
[SourceVersion "2"]
[SourceVersionDate "2009.09.16"]
[SourceQuality "1"]

1. e4 c5 2. Nc3 Nc6 3. g3 g6 4. Bg2 Bg7 5. d3 d6 6. Be3 Rb8 7. Qd2 b5 8. Nge2 b4 9. Nd1 Nf6 10. h3 0-0 11. 0-0 e5 12. f4 exf4 13. Bxf4 Nh5 14. Bg5 f6 15. Be3 Bh8 16. Kh2 Ng7 17. a3 a5 18. axb4 axb4 19. Nf4 Ne6 20. Nxe6 Bxe6 21. Bh6 Rf7 22. Bf4 Qd7 23. Nf2 Rff8 1/2-1/2

[Event "Bayern-chI Bank Hofmann 11th"]
[Site "Bad Wiessee"]
[Date "2007.11.12"]
[Round "3"]
[White "Proschmann, Tino"]
[Black "Lupor, Stefan"]
[Result "0-1"]
[WhiteElo "2089"]
[BlackElo "2293"]
[PlyCount "104"]
[EventDate "2007.11.10"]
[EventType "swiss"]
[EventRounds "9"]
[EventCountry "GER"]
[SourceTitle "CBM 121 Extra"]
[Source "ChessBase"]
[SourceDate "2008.01.10"]
[SourceVersion "1"]
[SourceVersionDate "2008.01.10"]
[SourceQuality "1"]

1. e4 c5 2. Nf3 Nc6 3. d4 cxd4 4. Nxd4 Nf6 5. Nc3 e5 6. Ndb5 d6 7. Bg5 a6 8. Na3 b5 9. Nd5 Be7 10. Bxf6 Bxf6 11. c3 Rb8 12. Nc2 a5 13. Nxf6+ Qxf6 14. Qd5 Na7 15. Rd1 Ke7 16. Ne3 Rd8 17. Be2 Bb7 18. Qxb7+ Rxb7 19. Nd5+ Kf8 20. Nxf6 gxf6 21. 0-0 b4 22. Rd5 Nc6 23. Rfd1 bxc3 24. bxc3 Rb2 25. R1d2 Rxd2 26. Rxd2 Ke7 27. Rb2 Rd7 28. Kf1 Nd8 29. Ke1 Ne6 30. Bg4 Rc7 31. Bxe6 Kxe6 32. Rb5 Rxc3 33. Rxa5 Rc4 34. f3 Rc2 35. Kf1 f5 36. a4 fxe4 37. fxe4 f5 38. exf5+ Kxf5 39. Rd5 Ke6 40. Rb5 d5 41. Rb6+ Kf5 42. Rh6 d4 43. Rxh7 d3 44. Rd7 Ke4 45. g4 Ke3 46. g5 d2 47. h4 Rc1+ 48. Kg2 d1Q 49. Rxd1 Rxd1 50. g6 Kf4 51. g7 Rd8 52. h5 Kg5 0-1

[Event "Leutersdorf Muench Braeu op 08th"]
[Site "Leutersdorf"]
[Date "2003.02.14"]
[Round "6"]
[White "Proschmann, Tino"]
[Black "Liebs, Thomas"]
[Result "1/2-1/2"]
[WhiteElo "2220"]
[BlackElo "1616"]
[PlyCount "115"]
[EventDate "2003.02.12"]
[EventType "swiss"]
[EventRounds "9"]
[EventCountry "GER"]
[SourceTitle "CBM 092 Extra"]
[Source "ChessBase"]
[SourceDate "2003.03.07"]
[SourceVersion "1"]
[SourceVersionDate "2003.03.07"]
[SourceQuality "1"]

1. e4 d5 2. exd5 Nf6 3. Bb5+ Bd7 4. Be2 Nxd5 5. d4 Bf5 6. Nf3 e6 7. 0-0 a6 8. c3 Nc6 9. Re1 Be7 10. Nbd2 0-0 11. Nc4 Bf6 12. Nce5 Nxe5 13. dxe5 Be7 14. a3 c6 15. c4 Nb6 16. Be3 Qc7 17. Qd4 Nd7 18. Rad1 Rfd8 19. b4 c5 20. Qb2 b6 21. h3 Rac8 22. Bf4 Nb8 23. b5 a5 24. Qc3 h6 25. g4 Be4 26. Qe3 Bg6 27. g5 h5 28. Nh4 Nd7 29. Nxg6 fxg6 30. Qe4 Rf8 31. Bd3 Rf5 32. Qe3 Kf7 33. Bxf5 gxf5 34. Rd3 g6 35. Red1 Rd8 36. Qd2 Ke8 37. Bg3 Nf8 38. Rxd8+ Qxd8 39. Qe2 Qa8 40. h4 Qb7 41. Bf4 Nd7 42. Bd2 Qa8 43. Bc3 Nf8 44. Rd3 Kf7 45. f3 Ke8 46. Kf1 Qb7 47. Ke1 Nd7 48. Kd1 Bf8 49. Kc2 Be7 50. Kb3 a4+ 51. Kc2 Qc7 52. Kd1 Nf8 53. Ke1 Nd7 54. Kf2 Kf7 55. f4 Qb7 56. Qd1 Nf8 57. Qf3 Qxf3+ 58. Kxf3 1/2-1/2